Gaming Quiz

Random Gaming or Pokémon Quiz

Water-type Pokémon Silhouettes (Map) Quiz Stats

 Plays Quiz not verified by Sporcle

Score 0/43 Timer 07:00
0 Plays Today
% Correct
Squirtle
94.4%
Lapras
93.7%
Magikarp
93.3%
Marill
92.9%
Tentacruel
92.1%
Horsea
91.5%
Kingler
90.4%
Starmie
90.2%
Wingull
88.6%
Suicune
87.9%
Omastar
87.6%
Cloyster
87.1%
Octillery
87%
Slowking
86.5%
Kyogre
86.1%
Palkia
85.3%
Milotic
85.3%
Corsola
85.2%
Lanturn
84.9%
Politoed
84.4%
Totodile
84.1%
Mantine
83.9%
% Correct
Greninja
83.2%
Goldeen
82.1%
Quagsire
81.4%
Manaphy
80.7%
Qwilfish
80.5%
Wailord
80.2%
Carvanha
78.7%
Sealeo
78.1%
Phione
78.1%
Relicanth
77.9%
Crawdaunt
77.7%
Barboach
77.3%
Gastrodon
73.7%
Mudkip
73.6%
Gorebyss
73.4%
Frillish
71.2%
Panpour
66.2%
Alomomola
66%
Carracosta
65.8%
Skrelp
64%
Tympole
63.7%

You're not logged in!

Compare scores with friends on all Sporcle quizzes.
OR
Log In

You Might Also Like...

Show Comments

Extras

Top Quizzes Today


Score Distribution

Your Account Isn't Verified!

In order to create a playlist on Sporcle, you need to verify the email address you used during registration. Go to your Sporcle Settings to finish the process.

Report this User

Report this user for behavior that violates our Community Guidelines.

Details: